MDQL
is popping MORE tags! Check the
thread
!
Quizzes
Events
Quiz Creation
Community
Videos
Private Events
Remove Ads
Sign In
Join for FREE
Feedback
Dark Mode
Quiz Categories
Sports
Geography
Music
Movies
Television
Just For Fun
Miscellaneous
History
Literature
Language
Science
Gaming
Entertainment
Religion
Holiday
For Kids
Quiz Lab
Recent
Popular Today
Quiz Kudos Today
Editor Picks
Curator Picks
Quizzes by...
Day
Popularity
Type
Ratings
Length
Year
Community
Subscriptions
Recent Discussions
Orange Saloon
Badges
Playlists
Quests
Create
Leaderboards
Showdown
Live 5
Trivia Bingo
Activity
Puzzle Library
Sporcle Events
Private Events
Virtual Trivia
Globe League
Become a Host
Pub Owners
SporcleCon
Opinionation
Our Games
Videos
Blog
Mobile Apps
Partnerships
Remove Ads and Go Orange
Feedback
Music
Pop Music
The Beatles
Song
Album
Lyrics
Bands
Singers
Artist
Clip
Rock
Rap
Classical
Billboard
Country Music
Kpop
Taylor Swift
Music
Pop Music
The Beatles
Song
Album
Lyrics
Bands
Singers
Artist
Clip
Rock
Rap
Classical
Billboard
Country Music
Kpop
Taylor Swift
Random Quiz
Search Sporcle
×
Quiz Lab
Quiz Lab
Music
Artist
Type in answers that appear in a list
Type in answers that appear in a list
Classic
Best Score? Go Orange.
CMA Male Vocalist Nominees Stats
Can you name the nominees for CMA Male Vocalist of the year since 1990?
By
cpo_sharky_09
8m
28 Questions
186 Plays
186 Plays
186 Plays
Comments
Comments
Give Quiz Kudos
Give Quiz Kudos
-
- Ratings
hide this ad
Replay
Link that replays current quiz
Next Quiz
Link to next quiz in quiz playlist
You Got
0%
They Got
Avg Score
52%
Avg Friend Score
Upgrade to see
Score Distribution
Jump to the score distribution portion of the page
Score
0/28
Timer
08:00
0
Plays Today
Years
Artist
% Correct
1990-
1991, 1993-
2005, 2007-
2010
George Strait
91.9%
1990-
1993, 1998
Garth Brooks
90.9%
2002-
2009, 2011
Kenny Chesney
90.9%
1991-
1997, 1999-
2006, 2008
Alan Jackson
89.8%
2000-
2003, 2005-
2011
Brad Paisley
86.6%
2004-
2012
Keith Urban
86%
1998-
2001, 2003
Tim McGraw
84.9%
2012
Luke Bryan
84.1%
2001-
2004
Toby Keith
82.3%
2011-
2012
Jason Aldean
77.6%
2010-
2012
Blake Shelton
74.2%
1991-
2000
Vince Gill
72.6%
1990-
1991
Clint Black
68.3%
1992
Travis Tritt
64.5%
Years
Artist
% Correct
2012
Eric Church
51.4%
2006, 2010
Dierks Bentley
47.3%
2009
Darius Rucker
38.2%
1995
John Michael Montgomery
33.9%
1993-
1994
John Anderson
30.1%
2007
Josh Turner
28.5%
1990
Ricky VanShelton
28%
1992
Joe Diffie
28%
1994
Dwight Yoakam
28%
1996-
1998
Collin Raye
27.4%
1996-
1997
Bryan White
25.3%
1995
John Berry
23.7%
1999
Steve Wariner
21%
1990
Rodney Crowell
11.8%
Quiz Playlist
Details
Report
Send in Message
Add To Playlist
Classic:
Type in answers that appear in a list
Last Updated: Feb 16, 2017
Quiz Scoreboard
CHALLENGE
Sign Up to Join the Scoreboard
Show All
Scores
Hide
Comments
May contain spoilers
Recently Published
Street Fighter Characters
by Artimus82
Gaming
60s
9x9 Crossword: Cartoon Network
by jackfrog10
Miscellaneous
3m
College Basketball Coaching Resumes
by pancakes188
Sports
9m
More to Explore
Quiz From the Vault
Featured Blog Post
Where Did the Easter Bunny Come From?
hide this ad
You Might Also Like...
Tags
Artist Quiz
1990
cma
CMA Male
male
Vocalists
Today's Top Quizzes in Music
Browse Music
hide this ad
Today's Top Quizzes in Artist
Browse Artist
Top Contributed Quizzes in Music
1
Taylor Swift All Songs (2024)
2
Taylor Swift Logic Puzzle
3
Guess the Artist- 70s Songs
4
7-to-1: Billboard Hot 100 #1 Hits of 2010s
5
Sorting Albums and Songs
6
KPOP LOGIC QUIZ
7
Guess the Taylor Swift song (Mystery Song)
8
Guess The Taylor Swift Lyrics Song #1
9
Billboard Blitz: ABBA
10
Billboard Blitz: The Beatles
Explore More
Trending Topics
Crossword
Disney
NBA
Harry Potter
Anime
Kpop
Marvel
NFL
The Office
Country
WWE
Song
Puzzle
Pokémon
Soccer
hide this ad
More By:
cpo_sharky_09
Quiz
Plays
Rating
Category
Featured
Created
NASCAR Most Sprint Cup Starts
14,257
4.25
Sports
Oct 3, 2009
1998 Nascar Drivers
997
4.75
Sports
Nov 6, 2009
Most IndyCar Series Starts
639
3.33
Sports
Oct 3, 2009
Sitcoms by Lead Actors
498
3.50
Television
Nov 2, 2009
Sitcoms by Lead Actors 2
482
3.67
Television
Nov 2, 2009
Go to Creator's Profile
Score Distribution
Quiz Creator Spotlight
cpo_sharky_09
Follow
Send a Message
Quizzes Created
-
Created Quiz Play Count
-
More By This Creator
Popular Quizzes Today
1
Find the US States - No Outlines Minefield
2
Find the Countries of Europe - No Outlines Minefield
3
The Countries of the World
4
Find the US States
5
Risky Map Clicking: Biggest States A-Z
6
US States
7
Popular People in 1961
8
Movies - When Are They Set?
More Music Quizzes
10 to 1: Pink Floyd Albums
Quiz Lab
Trending Quizzes
Risky Map Clicking: Least Populous States A-Z
Billboard Blitz: Aretha Franklin
Famous Russians: Author or Composer?
1-10 Letter G Words
Countries of the World: 200 Million BC
Recently Updated
Leaping Animals
pecheneg
Reality TV Shows (A-Z)
bhenderson79
Rickey Henderson's Hall of Fame Teammates
pecheneg
Champions League XIs: Arsenal
pecheneg
Quick Pick: Celebrities in WWE's Hall of Fame
aduchscher
A-Z Keypad Blitz II
pecheneg
Multiple Oscar Actors
pecheneg
Mystery Phrase Blitz: Oscar 'Best Actors'
pecheneg
F. Scott Fitzgerald Novels
LTH
Pick 3 Villains
ddd62291
Trending Topics
NBA
Kpop
Marvel
Crossword
Disney
Harry Potter
Anime
NFL
Song
Soccer
Country
WWE
Puzzle
The Office
Pokémon
Your Account Isn't Verified!
In order to create a playlist on Sporcle, you need to verify the email address you used during registration. Go to your
Sporcle Settings
to finish the process.
Report this User
Report this user for behavior that violates our
Community Guidelines
.
Details:
Send Report
Go to the Sporcle.com Mobile Site →
Comments